European Capital Cities NOT Beginning With... - Statistics

General Stats
  • This quiz has been taken 198 times
  • The average score is 8 of 8
Answer Stats
Letters % Correct
E
98%
Q
98%
U
98%
F
97%
G
97%
I
97%
J
97%
X
95%
No matching quizzes found
Score Distribution
Percent of People with Each Score
Percentile by Number Answered
Your Score History
You have not taken this quiz